|
|
|
|
| LEADER |
01183cam a2200337 a 4500 |
| 001 |
c000399704 |
| 003 |
CARM |
| 005 |
20151204111419.0 |
| 008 |
151204s1977 xnaa 001 0 eng d |
| 019 |
1 |
|
|a 1662002
|5 LACONCORD2021
|
| 020 |
|
|
|a 0908451024 (spiral binding) :
|c unpriced
|
| 020 |
|
|
|a 0908451008 (8)
|
| 035 |
|
|
|a (OCoLC)27600351
|5 LACONCORD2021
|
| 040 |
|
|
|a ANB
|b eng
|c ANB
|
| 042 |
|
|
|a anuc
|
| 043 |
|
|
|a u-at---
|
| 082 |
0 |
4 |
|a 692.3/0994
|2 23
|
| 245 |
0 |
0 |
|a Australian building specification :
|b sections 190-280.
|
| 250 |
|
|
|a 1977 ed.
|
| 260 |
|
|
|a Sydney :
|b ABIS,
|c 1977.
|
| 300 |
|
|
|a 1 v. (various pagings) :
|b ill. ;
|c 30 cm.
|
| 500 |
|
|
|a Cover title.
|
| 500 |
|
|
|a Indexes.
|
| 650 |
|
0 |
|a Standards, Engineering.
|
| 650 |
|
0 |
|a Buildings
|v specifications
|z Australia.
|
| 710 |
2 |
|
|a Australian Building Industry Specifications Pty. Ltd.
|
| 852 |
8 |
|
|b CARM
|p 0629101
|f BK
|
| 852 |
8 |
|
|b SCAN
|h A3:AI38C0
|i F09262
|p 0629101
|f BK
|
| 999 |
f |
f |
|i ccd95859-f5f7-5010-bc35-ad55b523485f
|s 25ad07b7-81e7-5a42-8fb5-0f3b39770ca0
|
| 952 |
f |
f |
|p Can circulate
|a CAVAL
|b CAVAL
|c CAVAL
|d CARM 1 Store
|i book
|m 0629101
|
| 952 |
f |
f |
|a CAVAL
|b CAVAL
|c CAVAL
|d Unmapped Location
|e F09262
|f A3:AI38C0
|h Other scheme
|